000 00625nam a2200217Ia 4500
005 20241129104304.0
008 241129s9999||||xx |||||||||||||| ||und||
020 _a9788131613269
037 _aTextual
040 _aRTL
_beng
_cRTL
041 _aeng
_2eng
084 _aY15:3.2 R3
_qRTL
100 _aLamb ,Sarah
_917906
245 0 _aBeing single in India: Stores of gender exclusion and possibility
_cLamb ,Sarah
260 _aJaipur
_bRawat publications
_c2023
300 _axii;221p.
365 _aINR
_bRs.1195.00
650 _aSociology
942 _cTB
_hY15:3.2 R3
999 _c1225241
_d1225241